000 01326nam a2200349 ib4500
003 OSt
005 20200707145225.0
008 200701t20192019mnuao j 001 0 eng d
020 _a9781541526877
_cRM63.23
_qpaperback
040 _aPPAK
_beng
_cPPAK
_erda
082 0 4 _223
_a302.209
090 0 0 _a302.209
_bDIN
_dK
100 1 _aDinmont, Kerry,
_d1982-
_eauthor.
245 1 0 _aCommunication Past and Present /
_cby Kerry Dinmont
264 1 _aMinneapolis :
_bLerner Publications,
_c[2019]
264 4 _c©2019
300 _a24 pages :
_bcolour illustrations, colour photographs ;
_c23 x 23 cm
336 _2rdacontent
_atext
337 _2rdamedia
_aunmediated
338 _2rdacarrier
_avolume
490 1 _aBUMBA BOOKS. PAST AND PRESENT
500 _aIncludes index
505 _tCommunication through history --
_tThe and now --
_tPicture glossary --
_tRead more --
_tIndex.
520 _aFrom handwritten letters to typed text messages, this book compares and contrasts communication of the past to communication of the present.
650 1 0 _aCommunication
_vJuvenile literature
_xHistory
650 2 0 _aCommunication
_vTechnological innovations
650 2 0 _aCommunication
655 7 _aInstructional and educational works
655 7 _aHistory
830 0 _aBumba books. Past and present
942 _2ddc
_cB
999 _c177932
_d177932